000 00493nam a2200181 i 4500
001 bg
100 1 _aBass, Fridrich Geršonovič.
245 0 _aElektrony i fonony w organičeskich poluprovodnikach /
_cF.G. Bass, V.C. Bočkov, J.G. Guervič.
260 _aMoskva,
_c1984.
700 1 _aBočkov, Valerij S.
700 1 _aGurevič, Jurij Genrihovič.
040 _cBPK
041 _apol
080 _a537
080 _a538.9
942 _cKS
008 s pl f |000 0 pol
999 _c28082
_d28082
856 _uhttp://koha.tu.koszalin.pl/cgi-bin/koha/opac-detail.pl?biblionumber=28082
_yKatalog online BPK